Statistiques concernant Focus sur: Rita Skeeter - Harry Potter

Cliquez ici pour prendre le quiz!

Statistiques générales

  • Ce quiz a été pris 195 fois
  • Le résultat moyen est 6 sur 7

Statistiques - réponses

Informations recherchéesRéponses% Correct
Couleur des cheveuxBlond
99%
Première apparitionHarry Potter et la Coupe de Feu
99%
Statut du sangSang-Pur
99%
ProfessionJournaliste/Auteure
98%
Lieu de rencontre avec Harry PotterPoudlard
98%
AnimagusScarabée
91%
Actrice l'interprétant dans les filmsMiranda Richardson
29%

Distribution des résultats

Percentile par nombre de réponses

% des personnes avec chaque résultat

Votre développement - résultats

Vous n’avez pas pris ce quiz